KOHA-Header-6

Management (Record no. 2668)

000 -LEADER
fixed length control field 00346nam a2200157Ia 4500
003 - CONTROL NUMBER IDENTIFIER
control field OSt
005 - DATE AND TIME OF LATEST TRANSACTION
control field 20191003111448.0
008 - FIXED-LENGTH DATA ELEMENTS--GENERAL INFORMATION
fixed length control field 190902s9999||||xx |||||||||||||| ||und||
020 ## - INTERNATIONAL STANDARD BOOK NUMBER
International Standard Book Number 978-0132090711
040 ## - CATALOGING SOURCE
Transcribing agency maju
100 ## - MAIN ENTRY--PERSONAL NAME
Personal name Robbins, Coulter
245 #0 - TITLE STATEMENT
Title Management
260 ## - PUBLICATION, DISTRIBUTION, ETC. (IMPRINT)
Place of publication, distribution, etc India
Name of publisher, distributor, etc S. Chand
Date of publication, distribution, etc 2002
300 ## - PHYSICAL DESCRIPTION
Extent 674
942 ## - ADDED ENTRY ELEMENTS (KOHA)
Koha item type Books
Source of classification or shelving scheme
Holdings
Withdrawn status Lost status Damaged status Not for loan Collection code Permanent Location Current Location Shelving location Date acquired Total Checkouts Total Renewals Barcode Date last seen Date checked out Price effective from Koha item type
        Management MAJU MAJU   2019-09-02 1 1 6303 2024-05-02 2024-04-20 2019-09-02 Management

Powered by Koha